The renaissance of mathematical sciences in Britain

Saved in:
Bibliographic Details
Main Author: Fauvel, John
Corporate Author: Open University
Format: Book
Language:English
Published: Milton Keynes [England] : Open University Press, c1987.
Series:Mathematics/Arts an interfaculty second level course. Topics in the history of mathematics ; Unit 6
Subjects:
Tags: Add Tag
No Tags, Be the first to tag this record!

MARC

LEADER 00000cam a2200000 i 4500
001 1/84397
008 990623s1987 enk| ||| |||| ||eng||
020 |a 0335142508 
035 |l 10051599 
040 |a GR-MyUA  |b gre  |e AACR2 
041 0 |a eng 
082 0 |a 510.9 
100 1 |a Fauvel, John. 
245 1 4 |a The renaissance of mathematical sciences in Britain /   |c prepared by John Fauvel for the course team the Open University.  
246 1 |i Άλλες παραλλαγές του τίτλου:   |a From the middle ages to the seventeenth century.  
260 |a Milton Keynes [England] :   |b Open University Press,   |c c1987.  
300 |a 44 σ. :   |b εικ. ;   |c 29 εκ.  
490 1 |a (Mathematics/Arts an interfaculty second level course. Topics in the history of mathematics   |v ; Unit 6)  
500 |a Block 2: From the middle ages to the seventeenth century.  
504 |a Περιέχει βιβλιογραφικές αναφορές.  
650 0 0 |a Mathematics  |x History. 
650 0 0 |a Mathematics  |x History  |x Study and teaching (Higher) 
710 2 |a Open University. 
830 0 |a Mathematics/Arts an interfaculty second level course. Topics in the history of mathematics ;  |v  Unit 6 
852 |a INST  |b SAMOS  |e 19990623  |h 510.9 FAU  |p 005300014984  |q 005300014984  |t BK  |y 0 
901 |a BIBL3-2000-2 
909 |a Σ  |b 066014 
922 |a 3ΕΛΗ  |b 199904  |c ΤΜΗΜΑ ΜΑΘΗΜΑΤΙΚΩΝ  |d GLORY 
950 |a 116-1998-08-10 
970 |z 2000/05/ΜΠΡΑΤΤΗΣ